00657nam a22001577a 4500003000400000005001700004008004100021020001800062040000600080082001900086100002100105245016100126260005900287300002400346650012900370OSt20260312135054.0260312b |||||||| |||| 00| 0 eng d a9781138340862 cn a307.1 F67 2020 aFordhan, Richard aHousing Need and the Need for Housing /cFordham, Richard; Finlay, Stephen; Gardener, Justin; Macmillan, Angus; Muldoon, Cecilia; Taylor, Geoff; Welch, Gary bUnited Kingdom. Routledge (Taylor & Francis Ltd). 2020 a371 pages ; 23 cm. aHousing need – Housing policy – Social housing – Urban planning – Public policy – Housing markets – Homelessness